000 00872nam a2200253 a 4500
001 61223
003 BD-RjUL
005 20211209080933.0
008 170116s1979 njua b 001 0 eng d
020 _a0138510490
035 _a(BD-RjUL)61347
040 _aBD-RjUL
_cBD-RjUL
_dBD-RjUL
_beng
041 _aeng
082 0 0 _a658.802
_223
_bABS 1979
100 1 _aAbell, Derek F.,
_d1938-
_9182636
245 1 0 _aStrategic Market Planning :
_bProblems and Analytical Approaches /
_cDerek F. Abell, John S. Hammond.
260 _aEnglewood Cliffs, N.J. :
_bPrentice-Hall,
_cc1979.
300 _axii, 527 p. :
_bill. ;
_c24 cm.
504 _aIncludes bibliographical references and index.
650 0 _aMarketing
_xManagement.
_9175868
650 0 _aMarketing
_xManagement
_vCase studies.
_9182637
700 1 _aHammond, John S.,
_d1937-
_ejoint author.
_9245634
942 _2ddc
_cBK
999 _c61223
_d61223